FUNDAMENTALS OF ENGINEERING HEAT & MASS TRANSFER (Record no. 817480)

MARC details
000 -LEADER
fixed length control field 00376pam a2200145a 44500
008 - FIXED-LENGTH DATA ELEMENTS--GENERAL INFORMATION
fixed length control field 230405s2012 xxu||||| |||| 00| 0 eng d
041 ## - LANGUAGE CODE
Language code of text/sound track or separate title ENG
100 ## - MAIN ENTRY--PERSONAL NAME
Personal name SACHDEVA R. C.
245 ## - TITLE STATEMENT
Title FUNDAMENTALS OF ENGINEERING HEAT & MASS TRANSFER
260 ## - PUBLICATION, DISTRIBUTION, ETC.
Place of publication, distribution, etc. NEW DELHI
Name of publisher, distributor, etc. NEW AGE INTERNATIONAL PUB
Date of publication, distribution, etc. 2012
300 ## - PHYSICAL DESCRIPTION
Extent P.B,XXI,674
650 ## - SUBJECT ADDED ENTRY--TOPICAL TERM
Topical term or geographic name entry element MECH
690 ## - LOCAL SUBJECT ADDED ENTRY--TOPICAL TERM (OCLC, RLIN)
Topical term or geographic name as entry element MECH
906 ## - LOCAL DATA ELEMENT F, LDF (RLIN)
a 3285
Holdings
Withdrawn status Lost status Damaged status Not for loan Collection Home library Current library Date acquired Source of acquisition Cost, normal purchase price Total Checkouts Full call number Barcode Date last seen Price effective from Koha item type
          College of Engineering, Kolhapur College of Engineering, Kolhapur 20/06/2013 BHARATI MADHYAVARTI SAHAKARI GRAHAK BHANDAR LTD.PUNE 395.00   536.2/SAC ECK-UG-14260 16/08/2023 16/08/2023 Book
          College of Engineering, Kolhapur College of Engineering, Kolhapur 20/06/2013 BHARATI MADHYAVARTI SAHAKARI GRAHAK BHANDAR LTD.PUNE 395.00   536.2/SAC ECK-UG-14259 16/08/2023 16/08/2023 Book
          College of Engineering, Kolhapur College of Engineering, Kolhapur 20/06/2013 BHARATI MADHYAVARTI SAHAKARI GRAHAK BHANDAR LTD.PUNE 395.00   536.2/SAC ECK-UG-14258 16/08/2023 16/08/2023 Book
          College of Engineering, Kolhapur College of Engineering, Kolhapur 20/06/2013 BHARATI MADHYAVARTI SAHAKARI GRAHAK BHANDAR LTD.PUNE 395.00   536.2/SAC ECK-UG-14257 16/08/2023 16/08/2023 Book
          College of Engineering, Kolhapur College of Engineering, Kolhapur 20/06/2013 BHARATI MADHYAVARTI SAHAKARI GRAHAK BHANDAR LTD.PUNE 395.00   536.2/SAC ECK-UG-14256 16/08/2023 16/08/2023 Book